[Event "SR 3. liga A2 2007/2008"]
[Site "?"]
[Date "2008.03.02"]
[Round "9"]
[White "Diviak, Rastislav"]
[Black "Kantor, Tamas st"]
[Result "1-0"]
[WhiteElo "2014"]
[BlackElo "2059"]
[PlyCount "81"]
[EventDate "2007.??.??"]

1. e4 c5 2. Nf3 Nc6 3. d4 cxd4 4. Nxd4 Nf6 5. Nc3 e5 6. Ndb5 d6 7. Bg5 a6 8.
Na3 b5 9. Bxf6 gxf6 10. Nd5 f5 11. c3 Bg7 12. exf5 Bxf5 13. Nc2 O-O 14. Nce3
Be6 15. Bd3 Ne7 16. Bc2 Nxd5 17. Nxd5 f5 18. O-O Ra7 19. Bb3 Kh8 20. a4 bxa4
21. Rxa4 f4 22. f3 a5 23. Qa1 Rb7 24. Bc4 Bxd5 25. Bxd5 Rb5 26. Bc4 Qb6+ 27.
Rf2 Rc5 28. Kf1 d5 29. Bd3 Rfc8 30. Rc2 d4 31. c4 Rb8 32. Qe1 Qd8 33. b4 axb4
34. Rxb4 Rxb4 35. Qxb4 Bf8 36. Rb2 Ra5 37. Qb7 Ra1+ 38. Rb1 Rxb1+ 39. Bxb1 Qh4
40. Qf7 Be7 41. c5 1-0

[Event "SR 3. liga A2 2007/2008"]
[Site "?"]
[Date "2008.03.02"]
[Round "9"]
[White "Puobis, Jozef"]
[Black "Hanzluvka, Peter"]
[Result "1/2-1/2"]
[WhiteElo "2021"]
[BlackElo "2052"]
[PlyCount "61"]
[EventDate "2007.??.??"]

1. e4 c5 2. d4 cxd4 3. Qxd4 Nc6 4. Qd3 Nf6 5. Nc3 e6 6. Bg5 Be7 7. Nf3 h6 8.
Bf4 d6 9. O-O-O e5 10. Bg3 Be6 11. Kb1 Qa5 12. Qb5 O-O 13. Qxa5 Nxa5 14. Bd3
Rac8 15. Nd2 Nh5 16. f3 Nxg3 17. hxg3 $11 Rfd8 18. Nd5 Bf8 19. c4 Nc6 20. Rc1
g6 21. f4 f5 22. Nf3 Bg7 23. fxe5 Nxe5 24. Nxe5 Bxd5 25. Nxg6 Kf7 26. exf5 Bxg2
27. Rh2 Bc6 28. Re1 Re8 29. Rhe2 Rxe2 30. Rxe2 Re8 31. Rxe8 $11 1/2-1/2

[Event "SR 3. liga A2 2007/2008"]
[Site "?"]
[Date "2008.03.02"]
[Round "9"]
[White "Diviak, Rudolf"]
[Black "Kubica, Adrian"]
[Result "1-0"]
[WhiteElo "1899"]
[BlackElo "1938"]
[PlyCount "59"]
[EventDate "2007.??.??"]

1. e4 e5 2. Nf3 Nf6 3. Nxe5 d6 4. Nf3 Nxe4 5. d4 d5 6. Bd3 Bd6 7. O-O O-O 8. c4
c6 9. Nc3 f5 10. Qc2 Be6 11. Re1 Na6 12. a3 Qd7 13. c5 Bc7 14. Ng5 Nxg5 15.
Bxg5 Nb8 16. Ne2 Qf7 17. Nf4 Bxf4 18. Bxf4 Nd7 19. Bd6 Rfe8 20. Re3 g6 21. Rae1
f4 22. Bxf4 Qxf4 23. Rxe6 Rxe6 24. Rxe6 Qxd4 25. Bxg6 Qg4 26. Bxh7+ Kf7 27. Rg6
Qh5 28. Rg3 Re8 29. Bg6+ Kf6 30. Bxe8 1-0

[Event "SR 3. liga A2 2007/2008"]
[Site "?"]
[Date "2008.03.02"]
[Round "9"]
[White "Kosar, Mikulas st"]
[Black "Karlik, L."]
[Result "0-1"]
[WhiteElo "1902"]
[BlackElo "1839"]
[PlyCount "92"]
[EventDate "2007.??.??"]

1. e4 d5 2. exd5 Qxd5 3. Nc3 Qa5 4. Nf3 Nf6 5. Be2 Bf5 6. Nh4 Bg6 7. Nxg6 hxg6
8. Bf3 c6 9. d3 Rxh2 10. Rxh2 Qe5+ 11. Qe2 Qxh2 12. Qf1 e6 13. a3 Nbd7 14. Be3
Ne5 15. Be2 Neg4 16. Bg5 Bc5 17. Bxg4 Nxg4 18. Ne4 Qe5 19. O-O-O Nxf2 20. Nxf2
Qxg5+ 21. Kb1 Qf5 22. Ne4 Qxf1 23. Rxf1 Be7 24. Rh1 O-O-O 25. Rh7 Rg8 26. Kc1
Kd7 27. a4 f5 28. Nd2 Bg5 29. Kd1 Bxd2 30. Kxd2 Ke7 31. Ke3 Kf6 32. Rh4 Rd8 33.
b4 g5 34. Rh2 e5 35. c3 Re8 36. Rh1 e4 37. d4 f4+ 38. Ke2 g4 39. Kf2 Kg5 40.
Rh7 Re7 41. Rh8 g3+ 42. Ke2 Kg4 43. Rh1 f3+ 44. Kf1 e3 45. gxf3+ Kxf3 46. Ke1
e2 0-1

[Event "SR 3. liga A2 2007/2008"]
[Site "?"]
[Date "2008.03.02"]
[Round "9"]
[White "Skapik, Branislav"]
[Black "Kosar, Mikulas ml"]
[Result "0-1"]
[WhiteElo "1797"]
[BlackElo "1935"]
[PlyCount "88"]
[EventDate "2007.??.??"]

1. c4 Nf6 2. Nc3 d5 3. e3 Bg4 4. Be2 Bxe2 5. Qxe2 Nc6 6. d4 e6 7. Nf3 Be7 8.
O-O O-O 9. Bd2 Re8 10. a3 dxc4 11. Qxc4 Na5 12. Qa4 b6 13. Rac1 Nb7 14. b4 a6
15. Ne5 b5 16. Qc2 Nd6 17. e4 Qc8 18. f3 Nd7 19. Nc6 Nc4 20. Qa2 Ndb6 21. Bf4
Qd7 22. Nxe7+ Rxe7 23. Rfe1 c6 24. a4 a5 25. Rb1 axb4 26. Rxb4 Qa7 27. Ra1 Nd7
28. axb5 Qxd4+ 29. Kf1 Rxa2 30. Rxa2 Qxc3 31. Ra8+ Nf8 32. Rba4 e5 33. Rd8 exf4
34. Raa8 Qc1+ 35. Ke2 Qe3+ 36. Kd1 Qg1+ 37. Ke2 Qxg2+ 38. Ke1 Qg1+ 39. Ke2
Qxh2+ 40. Ke1 Qg1+ 41. Ke2 Qe3+ 42. Kd1 Qxf3+ 43. Kc1 Qc3+ 44. Kd1 Nb2+ 0-1

[Event "SR 3. liga A2 2007/2008"]
[Site "?"]
[Date "2008.03.02"]
[Round "9"]
[White "Kantor, Tamas ml"]
[Black "Pagerka, Slavomir"]
[Result "1/2-1/2"]
[WhiteElo "1788"]
[BlackElo "1691"]
[PlyCount "117"]
[EventDate "2007.??.??"]

1. e4 e5 2. Nf3 Nc6 3. Bb5 a6 4. Ba4 Nf6 5. O-O b5 6. Bb3 Be7 7. Re1 d6 8. h3
Na5 9. d4 Nxb3 10. axb3 Nd7 11. dxe5 Nxe5 12. Nc3 O-O 13. Bf4 Bf6 14. Ra2 Nxf3+
15. Qxf3 Bb7 16. Qg3 Bxc3 17. bxc3 f6 18. Bc1 Qe7 19. f3 Rae8 20. Bd2 Qf7 21.
Raa1 f5 22. exf5 Qxf5 23. Rxe8 Rxe8 24. Re1 Rxe1+ 25. Qxe1 Qg6 26. Qe2 h6 27.
Be3 Bc8 28. g4 h5 29. b4 hxg4 30. hxg4 Bb7 31. Bd4 Bc6 32. Kf2 Bd5 33. Kg3 Bc4
34. Qe7 Qf7 35. Qg5 Qf8 36. f4 Bf7 37. f5 c5 38. bxc5 dxc5 39. Be5 c4 40. Bd4
Qd6+ 41. Kf2 Qh2+ 42. Ke1 Qh1+ 43. Ke2 Qg2+ 44. Kd1 Qh1+ 45. Ke2 Qg2+ 46. Kd1
Qh1+ 47. Kd2 Qh6 48. Qxh6 gxh6 49. Ke3 a5 50. Kf4 a4 51. Bc5 Bd5 52. Ke5 Bf3
53. Kf4 Bd1 54. g5 hxg5+ 55. Kxg5 Kf7 56. Kf4 Bxc2 57. Ke5 Bd1 58. f6 Be2 59.
Bb4 1/2-1/2

[Event "SR 3. liga A2 2007/2008"]
[Site "?"]
[Date "2008.03.02"]
[Round "9"]
[White "Kubis, Ivan"]
[Black "Doucha, Ludvik"]
[Result "1-0"]
[WhiteElo "2018"]
[BlackElo "2102"]
[PlyCount "101"]
[EventDate "2007.??.??"]

1. e4 e5 2. Nf3 d6 3. d4 exd4 4. Nxd4 g6 5. Nc3 Bg7 6. Be3 Nf6 7. Qd2 O-O 8.
O-O-O Nc6 9. f3 Nxd4 10. Bxd4 Be6 11. h4 c5 12. Be3 Qa5 13. Bh6 Bxa2 14. Bxg7
Kxg7 15. h5 Be6 16. Kb1 Rad8 17. hxg6 fxg6 18. Qh6+ Kg8 19. g4 Rf7 20. g5 Ne8
21. f4 Nc7 22. f5 gxf5 23. g6 Rg7 24. gxh7+ Kh8 25. Qf6 Re8 26. exf5 Nd5 27.
Nxd5 Bxd5 28. Rg1 Qa2+ 29. Kc1 Qa1+ 30. Kd2 Qa5+ 31. Kc1 Qa1+ 32. Kd2 Qa5+ 33.
c3 Qc7 34. Bb5 Rc8 35. Kc1 Be4 36. Rxd6 Qe7 37. Qxe7 Rxe7 38. Re6 Rxe6 39. fxe6
Bc6 40. Bxc6 bxc6 41. Rh1 Rd8 42. Rh6 Rd5 43. b3 Re5 44. Kd2 Rd5+ 45. Ke3 Rd1
46. Ke4 a5 47. c4 Re1+ 48. Kf5 Re2 49. Rh4 a4 50. bxa4 Rf2+ 51. Ke5 1-0

[Event "SR 3. liga A2 2007/2008"]
[Site "?"]
[Date "2008.03.02"]
[Round "9"]
[White "Stetina, Erik"]
[Black "Vogl, Zdenek"]
[Result "1/2-1/2"]
[WhiteElo "2085"]
[BlackElo "1883"]
[PlyCount "51"]
[EventDate "2007.??.??"]

1. e4 e5 2. Bc4 d6 3. Nc3 Nf6 4. d3 Be7 5. Nge2 Be6 6. O-O O-O 7. f4 Bxc4 8.
dxc4 exf4 9. Bxf4 Nbd7 10. b4 Ne5 11. Bxe5 dxe5 12. a3 a5 13. Qxd8 Rfxd8 14.
Nd5 Nxd5 15. cxd5 axb4 16. axb4 Bxb4 17. Rfb1 Bc5+ 18. Kf1 Rxa1 19. Rxa1 f5 20.
Ng3 Bd4 21. Rb1 fxe4 22. Rxb7 Rxd5 23. Rxc7 e3 24. Nf5 Rc5 25. Rxc5 Bxc5 26.
Ke2 $11 1/2-1/2

[Event "SR 3. liga A2 2007/2008"]
[Site "?"]
[Date "2008.03.02"]
[Round "9"]
[White "Vepy, Ivan"]
[Black "Sturdik, Igor"]
[Result "0-1"]
[WhiteElo "1973"]
[BlackElo "2020"]
[PlyCount "126"]
[EventDate "2007.??.??"]

1. e4 Nf6 2. Nc3 d5 3. e5 d4 4. exf6 dxc3 5. fxg7 cxd2+ 6. Bxd2 Bxg7 7. Rb1 Qd5
8. b3 Nc6 9. Qf3 Qe5+ 10. Qe3 Bf5 11. Bd3 Bxd3 12. cxd3 O-O-O 13. Nf3 Qxe3+ 14.
Bxe3 Rxd3 15. O-O Ne5 16. Nh4 e6 17. Rbc1 a6 18. Rc2 c6 19. Rb1 Bf6 20. Bf4
Rhd8 21. Kf1 Bxh4 22. Bxe5 Rd2 23. Rbb2 Rd1+ 24. Ke2 Be7 25. Rc4 R1d5 26. Bg3
Rd4 27. Rbc2 Bg5 28. a4 Rd2+ 29. Rxd2 Rxd2+ 30. Ke1 Rd3 31. b4 Rb3 32. Bd6 Rd3
33. Bc5 f5 34. Bb6 Bf6 35. Ke2 Rd5 36. f4 Kd7 37. Kf3 h5 38. h3 Rd3+ 39. Ke2
Rc3 40. Rxc3 Bxc3 41. Bc5 e5 42. Kd3 Ba1 43. fxe5 Bxe5 44. Bb6 Ke6 45. Kc4 Bd6
46. b5 axb5+ 47. axb5 cxb5+ 48. Kxb5 Kd5 49. Bf2 Bc7 50. Kb4 Ke4 51. Kc4 Bf4
52. Bg1 Be3 53. Bh2 Bf2 54. Bc7 Bd4 55. Bh2 Be5 56. Bg1 Bc7 57. Bf2 Bh2 58. Bb6
Bf4 59. Bg1 Be3 60. Bh2 f4 61. g4 hxg4 62. hxg4 f3 63. Bg3 f2 0-1

[Event "SR 3. liga A2 2007/2008"]
[Site "?"]
[Date "2008.03.02"]
[Round "9"]
[White "Bukovsky, Milan"]
[Black "Hrubsa, Marian"]
[Result "1/2-1/2"]
[WhiteElo "2024"]
[BlackElo "1719"]
[PlyCount "94"]
[EventDate "2007.??.??"]

1. c4 e5 2. Nc3 Nf6 3. Nf3 Nc6 4. e4 d6 5. d4 exd4 6. Nxd4 Bd7 7. Be2 Be7 8.
O-O O-O 9. Be3 Re8 10. Nxc6 Bxc6 11. Qc2 Bf8 12. f3 g6 13. Rfd1 Qe7 14. Rac1
Rac8 15. b4 b6 16. Nd5 Nxd5 17. cxd5 Bb7 18. Qa4 a6 19. Qc2 f5 20. Bd3 Bg7 21.
Re1 fxe4 22. Bxe4 Qe5 23. Qd2 Re7 24. Bf2 Qf6 25. Be3 Rf7 26. Rc2 Rcf8 $11 27.
Rec1 Qd8 28. Bg5 Qc8 29. Bh6 Bxh6 30. Qxh6 Rg7 31. Qxg7+ Kxg7 32. Rxc7+ Kf6 33.
Rxc8 Rxc8 34. Rxc8 Bxc8 35. Kf2 Ke5 36. Ke3 Bd7 37. f4+ Kf6 38. h3 h6 39. g4 g5
40. Bd3 a5 41. bxa5 bxa5 42. Kf3 Ba4 43. Ke4 Be8 44. f5 Ba4 45. Kd4 Be8 46. Ba6
h5 47. Bc4 hxg4 $11 1/2-1/2

[Event "SR 3. liga A2 2007/2008"]
[Site "?"]
[Date "2008.03.02"]
[Round "9"]
[White "Brisudova, Veronika"]
[Black "Krist, Milan"]
[Result "1/2-1/2"]
[WhiteElo "2055"]
[BlackElo "1751"]
[PlyCount "66"]
[EventDate "2007.??.??"]

1. e4 e6 2. d4 d5 3. e5 c5 4. Nf3 Nc6 5. Bb5 Bd7 6. Bxc6 Bxc6 7. O-O Qb6 8. c3
cxd4 9. Nxd4 Bc5 10. Qg4 Bf8 11. Kh1 O-O-O 12. Be3 Bd7 13. Nd2 f5 14. Qe2 Qc7
15. f4 b6 16. c4 Qb7 17. Rfc1 Kb8 18. b4 Bxb4 19. Rab1 Bxd2 20. Qxd2 dxc4 21.
Rxc4 Ne7 22. a4 Nd5 23. a5 Rc8 24. axb6 axb6 25. Rc2 Rxc2 26. Nxc2 Rc8 27. Bxb6
Nxb6 28. Qd6+ Ka7 29. Ra1+ Ba4 30. Nd4 Qd7 31. Qxd7+ Nxd7 32. Rxa4+ Kb6 33. h3
Nf8 1/2-1/2

[Event "SR 3. liga A2 2007/2008"]
[Site "?"]
[Date "2008.03.02"]
[Round "9"]
[White "Mosny, Jaroslav"]
[Black "Harastova, Viera"]
[Result "1-0"]
[WhiteElo "2014"]
[BlackElo "1650"]
[PlyCount "83"]
[EventDate "2007.??.??"]

1. d4 d5 2. c4 e6 3. Nc3 Nf6 4. Bg5 Be7 5. Nf3 O-O 6. e3 Nbd7 7. Rc1 b6 8. cxd5
Nxd5 9. Nxd5 exd5 10. Bxe7 Qxe7 11. Rxc7 Qb4+ 12. Qd2 Qd6 13. Rc1 Nf6 14. Bd3
Bd7 15. O-O Rac8 16. Ne5 Ng4 17. Nxg4 Bxg4 18. Rxc8 Rxc8 19. Rc1 Rxc1+ 20. Qxc1
g6 21. a3 Qd7 22. Qc2 Qd6 23. Bb5 Bd7 24. Bd3 Kg7 25. Qc3 Kg8 26. h3 Be6 27.
Bb5 Bd7 28. Qb3 Kg7 29. Qa4 Bxb5 30. Qxb5 Kf6 31. Qe8 Qc7 32. g3 g5 33. Kg2 h6
34. b4 a6 35. a4 Qd6 36. b5 axb5 37. axb5 Kg7 38. Qe5+ Qxe5 39. dxe5 Kf8 40. f4
Ke7 41. f5 Kd7 42. Kf3 1-0

[Event "SR 3. liga A2 2007/2008"]
[Site "?"]
[Date "2008.03.02"]
[Round "9"]
[White "Harasta, Juraj"]
[Black "Puchart, Vladimir"]
[Result "1/2-1/2"]
[WhiteElo "1649"]
[BlackElo "2024"]
[PlyCount "93"]
[EventDate "2007.??.??"]

1. e4 c5 2. Nf3 d6 3. d4 cxd4 4. Nxd4 Nf6 5. f3 Nc6 6. Nxc6 bxc6 7. c4 Qb6 8.
Nc3 g6 9. Na4 Qa5+ 10. Bd2 Qc7 11. Be2 Bg7 12. O-O O-O 13. Rc1 Be6 14. Be3 Rab8
15. b3 Nd7 16. Qd2 Rfd8 17. Rfd1 c5 18. Nc3 Ne5 19. Rb1 Nc6 20. Bf1 Bd4 21. Ne2
Bxe3+ 22. Qxe3 Rb6 23. Nc3 Nd4 24. Nd5 Bxd5 25. cxd5 Rdb8 26. Rd2 a5 27. Rdb2
Qa7 28. Bc4 a4 29. Qc3 Qb7 30. Kf1 axb3 31. axb3 Qa7 32. Qd3 Qa5 33. Qe3 Rb4
34. Qd3 R8b7 35. Qd2 Ra7 36. Qc3 Qb6 37. Qd2 Ra3 38. Qc3 Qa5 39. Qc1 Rb8 40.
Qe1 Rb4 41. Qc1 Qa7 42. Qe1 Qb6 43. Qc3 Qa5 44. Qe1 Qb6 45. Qc3 Qa7 46. Qc1 Qa5
47. Qe1 $11 1/2-1/2

[Event "SR 3. liga A2 2007/2008"]
[Site "?"]
[Date "2008.03.02"]
[Round "9"]
[White "Horak, Ivan"]
[Black "Manak, Jozef"]
[Result "1-0"]
[WhiteElo "2140"]
[BlackElo "2042"]
[PlyCount "77"]
[EventDate "2007.??.??"]

1. e4 c5 2. Nc3 Nc6 3. f4 e6 4. Nf3 d5 5. d3 dxe4 6. dxe4 Qxd1+ 7. Nxd1 Bd7 8.
c3 O-O-O 9. Be3 f6 10. Nf2 b6 11. Ba6+ Kb8 12. O-O-O Be7 13. e5 Nh6 14. Ne4 Nf7
15. Rhe1 Kc7 16. h3 Bc8 17. Bxc8 Kxc8 18. exf6 gxf6 19. g4 Rxd1+ 20. Kxd1 Rd8+
21. Ke2 e5 22. f5 Rf8 23. Rd1 Kc7 24. b3 Nd6 25. Nfd2 Nd8 26. Nxd6 Bxd6 27. Bh6
Rg8 28. Ne4 Nf7 29. Nxf6 Nxh6 30. Nxg8 Nxg8 31. g5 Ne7 32. f6 Ng6 33. Kf3 Kd7
34. Kg4 Ke6 35. h4 Nf4 36. h5 a6 37. g6 hxg6 38. h6 Nh5 39. Kg5 1-0

[Event "SR 3. liga A2 2007/2008"]
[Site "?"]
[Date "2008.03.02"]
[Round "9"]
[White "Furjel, Andrej"]
[Black "Kovarik, Oto"]
[Result "1-0"]
[WhiteElo "2033"]
[BlackElo "2054"]
[PlyCount "125"]
[EventDate "2007.??.??"]

1. e4 c5 2. Nc3 Nc6 3. f4 d6 4. Bc4 e6 5. d3 a6 6. a4 Nf6 7. Nf3 Be7 8. O-O O-O
9. Qe1 d5 10. Bb3 d4 11. Ne2 Na5 12. Ba2 b5 13. axb5 axb5 14. Ne5 Qb6 15. Bd2
Nc6 16. Qg3 c4 17. Kh1 Bb7 18. Nxc6 Bxc6 19. e5 Nh5 20. Qf2 Bc5 21. b4 cxb3 22.
Bxb3 g6 23. Kg1 Bb7 24. Ng3 Ng7 25. Rfe1 Rxa1 26. Rxa1 Ne8 27. Re1 Nc7 28. Ne4
Bxe4 29. Rxe4 Ra8 30. Re1 Qc6 31. Rb1 Bb6 32. g4 Nd5 33. Qf3 Ne7 34. Qxc6 Nxc6
35. Kf2 Kg7 36. Kf3 Bc5 37. Ke4 Rb8 38. Ra1 f5+ 39. exf6+ Kxf6 40. Ra6 Bb6 41.
Be1 Ke7 42. h4 Kd7 43. Ra1 Rf8 44. Bg3 h5 45. Ra6 Kc7 46. gxh5 gxh5 47. Bxe6
Kb7 48. Ra1 Bc7 49. Rg1 Nb4 50. Bb3 Bd8 51. f5 Bf6 52. Bf2 Kc6 53. Rg6 Kd7 54.
Rh6 Nc6 55. Rxh5 Rh8 56. Rxh8 Bxh8 57. Bg3 Bf6 58. h5 Bg5 59. Bf4 Bf6 60. h6
Ke7 61. h7 Kf8 62. Bd5 Nb4 63. Bd6+ 1-0

[Event "SR 3. liga A2 2007/2008"]
[Site "?"]
[Date "2008.03.02"]
[Round "9"]
[White "Sefcik, Marek"]
[Black "Mihalik, Anton"]
[Result "1-0"]
[WhiteElo "1955"]
[BlackElo "1981"]
[PlyCount "99"]
[EventDate "2007.??.??"]

1. Nc3 c5 2. d4 cxd4 3. Qxd4 Nc6 4. Qh4 a6 5. Nf3 e6 6. Qxd8+ Nxd8 7. e4 b5 8.
Bf4 Bb4 9. Be5 f6 10. a3 fxe5 11. axb4 Nc6 12. Nxb5 Ke7 13. c3 Bb7 14. Nc7 Ra7
15. Nxa6 Nf6 16. b5 Nb8 17. Nxe5 Nxe4 18. f3 Nc5 19. b4 Ncxa6 20. bxa6 d6 21.
Ng4 Ra8 22. b5 Nd7 23. Rb1 Bc8 24. c4 Nb6 25. Bd3 h6 26. Ke2 Bd7 27. Rhc1 Rhc8
28. Ne3 Ra7 29. Be4 Rac7 30. Bb7 Rb8 31. Rb4 Bc8 32. Bxc8 Rbxc8 33. Kd3 d5 34.
Ra1 dxc4+ 35. Kc3 Rd7 36. Kc2 Rd4 37. Rd1 Rxd1 38. Nxd1 Kd6 39. Rb1 Kc5 40. Nc3
Nd7 41. Na4+ Kd6 42. b6 Ra8 43. a7 Kc6 44. Kc3 Kb7 45. Kxc4 Rf8 46. Nc5+ Nxc5
47. Kxc5 Rc8+ 48. Kd4 Rc2 49. Re1 Rc6 50. Ra1 1-0

[Event "SR 3. liga A2 2007/2008"]
[Site "?"]
[Date "2008.03.02"]
[Round "9"]
[White "Curidlo, Jan"]
[Black "Jozefovic, Milan"]
[Result "1-0"]
[WhiteElo "2042"]
[BlackElo "1932"]
[PlyCount "99"]
[EventDate "2007.??.??"]

1. e4 e5 2. Nf3 d6 3. d4 exd4 4. Nxd4 Bd7 5. Bd3 Nc6 6. Nf3 Bg4 7. Be2 Be7 8.
Be3 Nf6 9. Nc3 O-O 10. Qd2 a6 11. h3 Be6 12. O-O Qc8 13. Kh2 b5 14. a3 Rd8 15.
Rad1 Ne5 16. Nxe5 dxe5 17. Qc1 Qb7 18. Bf3 c6 19. Rxd8+ Rxd8 20. Rd1 Qc7 21.
Ne2 a5 22. Rxd8+ Qxd8 23. Qd2 Qxd2 24. Bxd2 b4 25. axb4 axb4 26. Nc1 Bc4 27. g4
Bc5 28. Kg2 Bd4 29. b3 Bb5 30. Bxb4 c5 31. Be1 Bb2 32. Nd3 Bxd3 33. cxd3 Bd4
34. Bd2 Nd7 35. Bd1 Kf8 36. f4 f6 37. f5 h6 38. Kf3 Ke7 39. h4 Kf8 40. g5 hxg5
41. hxg5 Ke7 42. Kg4 Kd6 43. Kh5 Nf8 44. Bc2 Bf2 45. b4 cxb4 46. Bxb4+ Bc5 47.
Bd2 Ke7 48. Bb3 Kd6 49. g6 Nd7 50. Bh6 1-0

[Event "SR 3. liga A2 2007/2008"]
[Site "?"]
[Date "2008.03.02"]
[Round "9"]
[White "Bilovsky, Milan"]
[Black "Gono, Michal"]
[Result "0-1"]
[WhiteElo "1872"]
[BlackElo "1682"]
[PlyCount "92"]
[EventDate "2007.??.??"]

1. c4 e6 2. Nc3 Nf6 3. g3 d5 4. cxd5 exd5 5. d4 c6 6. Bg2 Bf5 7. Nf3 Nbd7 8.
O-O Bd6 9. Nh4 Bg4 10. f3 Bh5 11. Nf5 Bf8 12. Bf4 Nb6 13. Re1 Bg6 14. e4 Bxf5
15. exf5+ Be7 16. Qe2 Nc8 17. g4 O-O 18. h4 Bd6 19. Qd2 Nb6 20. b3 Qc7 21. Be5
Nbd7 22. Qf4 Bxe5 23. dxe5 Rfe8 24. g5 Nh5 25. Qg4 Nxe5 26. Qxh5 g6 27. Qh6
Nxf3+ 28. Kf2 Nd4 29. Bxd5 Qf4+ 30. Kg2 cxd5 31. Nxd5 Qf3+ 32. Kg1 Qxd5 33.
Red1 Qe5 34. Rf1 Nxf5 35. Rxf5 Qxa1+ 36. Rf1 Qd4+ 37. Kh1 Qe4+ 38. Kg1 Qe3+ 39.
Kh1 Qh3+ 40. Kg1 Re3 41. Rxf7 Re1+ 42. Kf2 Rf1+ 43. Ke2 Re8+ 44. Kd2 Qe3+ 45.
Kc2 Rxf7 46. h5 Rf2+ 0-1

[Event "SR 3. liga A2 2007/2008"]
[Site "?"]
[Date "2008.03.02"]
[Round "9"]
[White "Orvisky, Vladimir"]
[Black "Hrubos, Milan"]
[Result "1-0"]
[WhiteElo "1880"]
[BlackElo "1726"]
[PlyCount "77"]
[EventDate "2007.??.??"]

1. c4 Nf6 2. Nc3 g6 3. Nf3 Bg7 4. d4 d6 5. g3 O-O 6. Bg2 Nbd7 7. O-O c5 8. Bd2
Rb8 9. Qc1 a6 10. a4 cxd4 11. Nxd4 Nc5 12. Ra3 e5 13. Nc2 Bd7 14. b4 Ne6 15. b5
Nc5 16. Bh6 Be6 17. Bxg7 Kxg7 18. Ne3 a5 19. Rd1 Ne8 20. Ncd5 b6 21. Qc3 f6 22.
f4 Rf7 23. g4 Bxd5 24. Nxd5 exf4 25. Nxf4 Nc7 26. Nd3 N7e6 27. Nxc5 Nxc5 28.
Qd4 Qd7 29. h3 Rd8 30. Bc6 Qe7 31. Bd5 Rff8 32. Re3 Qc7 33. Rf1 g5 34. h4 h6
35. hxg5 hxg5 36. Rf5 Kg6 37. Qb2 Rd7 38. Qc2 Re7 39. Rfe5+ 1-0

[Event "SR 3. liga A2 2007/2008"]
[Site "?"]
[Date "2008.03.02"]
[Round "9"]
[White "Holiencin, Filip"]
[Black "Sedlak, Rastislav"]
[Result "1/2-1/2"]
[WhiteElo "1624"]
[BlackElo "1595"]
[PlyCount "92"]
[EventDate "2007.??.??"]

1. e4 e5 2. Nf3 Nc6 3. Bb5 a6 4. Ba4 Nf6 5. O-O Bc5 6. d3 b5 7. Bb3 O-O 8. c3
h6 9. a4 b4 10. d4 exd4 11. cxd4 Bb6 12. Re1 d6 13. h3 Re8 14. Bc2 Bb7 15. Bf4
Na5 16. Nbd2 Nc6 17. Nc4 a5 18. Nxb6 cxb6 19. d5 Ne5 20. Nxe5 dxe5 21. Be3 Qd6
22. Bd3 Ba6 23. Rc1 Bxd3 24. Qxd3 Rec8 25. f3 Nd7 26. Qb5 Nc5 27. Rc2 Ra7 28.
Rec1 Rac7 29. Bxc5 Rxc5 30. Rxc5 Rxc5 31. Rxc5 Qxc5+ 32. Qxc5 bxc5 33. Kf2 c4
34. Ke3 g5 35. g4 $11 Kf8 36. Kd2 Ke7 37. Kc2 Kd6 38. Kd2 Kc5 39. b3 cxb3 40.
Kc1 Kd6 41. Kb2 Kc5 42. Kxb3 Kd6 43. Kc4 Kc7 44. Kb3 Kd6 45. Kc4 Kd7 46. Kb3
Kd6 1/2-1/2

[Event "SR 3. liga A2 2007/2008"]
[Site "?"]
[Date "2008.03.02"]
[Round "9"]
[White "Matejovic, Ludovit"]
[Black "Husek, Lubomir"]
[Result "0-1"]
[WhiteElo "1581"]
[BlackElo "1600"]
[PlyCount "38"]
[EventDate "2007.??.??"]

1. e4 c5 2. Nf3 d6 3. Nc3 Nc6 4. b3 g6 5. Bb2 Bg7 6. Na4 Nf6 7. Bb5 Bd7 8. e5
Nxe5 9. Bxd7+ Nexd7 10. d4 b5 11. Nc3 a6 12. dxc5 Nxc5 13. Nd5 Ncd7 14. g4 O-O
15. Qd4 e5 16. Nxf6+ Nxf6 17. Qb4 Qc7 18. O-O-O Rac8 19. Rd2 Qc6 0-1

[Event "SR 3. liga A2 2007/2008"]
[Site "?"]
[Date "2008.03.16"]
[Round "10"]
[White "Lopatievov, Alexander"]
[Black "Horak, Ivan"]
[Result "0-1"]
[WhiteElo "1904"]
[BlackElo "2140"]
[PlyCount "86"]
[EventDate "2007.??.??"]

1. d4 d5 2. Nf3 Nf6 3. c4 e6 4. Bg5 dxc4 5. Qa4+ Nbd7 6. e3 a6 7. Qxc4 b5 8.
Qc2 Bb7 9. Nbd2 Rc8 10. Rc1 c5 11. dxc5 Bxc5 12. Qd1 O-O 13. a3 h6 14. Bh4 Qb6
15. Be2 Rfd8 16. b4 Bxe3 17. fxe3 Qxe3 18. Rxc8 Rxc8 19. Bf2 Qxa3 20. O-O Qxb4
21. Qb3 Nd5 22. Qxb4 Nxb4 23. Rb1 Nd5 24. Bd4 Nc3 25. Bxc3 Rxc3 26. Kf2 Nc5 27.
Nd4 f5 28. Bxb5 axb5 29. Rxb5 Bd5 30. Rb8+ Kf7 31. N2f3 g5 32. Rh8 Kg7 33. Rd8
g4 34. Ne1 Ne4+ 35. Ke2 Bc4+ 36. Kd1 f4 37. Re8 Kf7 38. Rh8 e5 39. Ndc2 Bb3 40.
Rxh6 f3 41. gxf3 gxf3 42. Rh7+ Kg6 43. Re7 f2 0-1

[Event "SR 3. liga A2 2007/2008"]
[Site "?"]
[Date "2008.03.16"]
[Round "10"]
[White "Kovarik, Oto"]
[Black "Mackovic, Miroslav"]
[Result "1-0"]
[WhiteElo "2054"]
[BlackElo "2033"]
[PlyCount "101"]
[EventDate "2007.??.??"]

1. e4 c5 2. Nf3 d6 3. d4 cxd4 4. Nxd4 Nf6 5. Nc3 a6 6. Be2 e6 7. Be3 Be7 8. Qd2
b5 9. f3 Bb7 10. O-O O-O 11. a3 Nbd7 12. Qe1 Rc8 13. Bd3 Nb6 14. Kh1 Nc4 15.
Bxc4 Rxc4 16. Rf2 Nd7 17. Rd2 Rc8 18. Nb3 Ne5 19. Nd1 Nc4 20. Rd3 Nxe3 21. Nxe3
Bg5 22. c3 Qb6 23. Rad1 Bxe3 24. Rxe3 d5 25. exd5 Bxd5 26. Nd4 Ba8 27. f4 Qb7
28. Qe2 g6 29. Rg1 Rc5 30. Re5 Qc7 31. Re1 Rxe5 32. Qxe5 Qb7 33. Qg5 h6 34. Qg3
Kh7 35. Re5 Rd8 36. h3 Rd5 37. Re2 a5 38. Qe3 Rh5 39. Kh2 Kg8 40. Qg3 Kh7 41.
Qe3 Rd5 42. Kh1 Kg7 43. Nf3 Rh5 44. Ne5 f6 45. Ng4 e5 46. fxe5 f5 47. Nf6 Rg5
48. Qd2 f4 49. Rf2 Rxe5 50. Nd7 Rd5 51. Qxf4 {Neviem #ia3/4 ako ïalej.} 1-0

[Event "SR 3. liga A2 2007/2008"]
[Site "?"]
[Date "2008.03.16"]
[Round "10"]
[White "Kozinka, Roman"]
[Black "Sefcik, Marek"]
[Result "0-1"]
[WhiteElo "1992"]
[BlackElo "1955"]
[PlyCount "57"]
[EventDate "2007.??.??"]

1. e4 Nc6 2. d4 d5 3. e5 Bf5 4. Bb5 Qd7 5. c3 e6 6. Ne2 a6 7. Ba4 b5 8. Bb3 Na5
9. Bc2 Bxc2 10. Qxc2 Nc4 11. a4 Nb6 12. a5 Nc8 13. b4 Nge7 14. h4 h5 15. Bg5
Nf5 16. Nd2 Nce7 17. Qd3 Ng8 18. f3 f6 19. g4 hxg4 20. fxg4 Nfh6 21. Bf4 O-O-O
22. Rg1 f5 23. Bxh6 Nxh6 24. gxf5 Nxf5 25. Nf4 Rxh4 26. Ng6 Rh6 27. Nb3 Qf7 28.
Nxf8 Rxf8 29. Nc5 {Biely padol èas.} 0-1

[Event "SR 3. liga A2 2007/2008"]
[Site "?"]
[Date "2008.03.16"]
[Round "10"]
[White "Jozefovic, Milan"]
[Black "Zarecky, Eduard"]
[Result "0-1"]
[WhiteElo "1932"]
[BlackElo "1906"]
[PlyCount "151"]
[EventDate "2007.??.??"]

1. e4 e5 2. Bc4 Nc6 3. Nf3 Bc5 4. c3 Qe7 5. O-O Nf6 6. d3 h6 7. b4 Bb6 8. a4 a5
9. b5 Nd8 10. Nh4 d6 11. Nf5 Bxf5 12. exf5 O-O 13. Be3 d5 14. Bb3 Bxe3 15. fxe3
c5 16. Nd2 Rc8 17. e4 c4 18. dxc4 dxc4 19. Ba2 b6 20. Qe2 Nb7 21. Qe3 Nd6 22.
Qxb6 Nfxe4 23. Nxe4 Nxe4 24. Qe3 Qc5 25. Qxc5 Rxc5 26. Rac1 Rd8 27. Bb1 Nd2 28.
Rfe1 f6 29. Be4 Nxe4 30. Rxe4 Rd2 31. Rb1 Rd7 32. Re2 Kf7 33. Reb2 Rb7 34. b6
Ke7 35. Rb5 Kd6 36. Rxc5 Kxc5 37. Rb5+ Kc6 38. Rxa5 Kxb6 39. Ra8 Ra7 40. Rb8+
Rb7 41. Rc8 Rc7 42. a5+ Kb7 43. Rd8 Kc6 44. Rb8 Kd5 45. a6 Ra7 46. Rb6 Ke4 47.
Rd6 Kxf5 48. Kf2 Ke4 49. Ke2 f5 50. Rc6 Kd5 51. Rb6 Kc5 52. Re6 Kd5 53. Rb6 h5
54. h4 e4 55. Ke3 Kc5 56. Rg6 Kb5 57. Rg5 g6 58. Rxg6 Rxa6 59. Rg5 Rf6 60. Rxh5
Ka4 61. Rh8 Kb3 62. Kd4 Rd6+ 63. Ke5 Rd7 64. Ke6 Rd2 65. h5 Rxg2 66. h6 Rh2 67.
h7 Kxc3 68. Kxf5 e3 69. Re8 Rxh7 70. Rxe3+ Kd2 71. Re8 Rd7 72. Rh8 c3 73. Rh2+
Kc1 74. Ke4 c2 75. Ke3 Kb1 76. Rg2 {Biely padol èas.} 0-1

[Event "SR 3. liga A2 2007/2008"]
[Site "?"]
[Date "2008.03.16"]
[Round "10"]
[White "Lukac, Tomas"]
[Black "Holly, Milan"]
[Result "0-1"]
[WhiteElo "1819"]
[BlackElo "1781"]
[PlyCount "45"]
[EventDate "2007.??.??"]

1. e4 e6 2. d4 b6 3. Bd3 Bb7 4. Nf3 c5 5. O-O cxd4 6. Nxd4 Nc6 7. Be3 Nf6 8.
Re1 Be7 9. Nd2 O-O 10. Nc4 d5 11. exd5 Nxd4 12. Bxd4 Qxd5 13. Ne3 Qg5 14. Bf1
Rfd8 15. c3 e5 16. Nc4 exd4 17. Rxe7 dxc3 18. Qb3 cxb2 19. Nxb2 Bd5 20. Qa4 Ne4
21. Rxa7 Rxa7 22. Qxa7 Qf6 23. Nd3 0-1